Desarrollo de los módulos de programación de áreas, Fondo Social e Información Personal del Sistema de Información de la Empresa Drew Estate Tobacco Company
Presenta el desarrollo de un prototipo de módulos de áreas, fondo social e información personal del sistema de información de la empresa Drew Estate Tobacco Company a través de prácticas profesionales. Se diseña cada uno de los componentes del sistema mediante el lenguaje unificado de modelad...
| Main Author: | |
|---|---|
| Other Authors: | |
| Format: | Tesis Section = Libro |
| Language: | Undetermined Spanish |
| Published: |
Managua
UNI-RUACS
2018
|
| Subjects: |
| LEADER | 01299nam a2200265Ia 4500 | ||
|---|---|---|---|
| 008 | 240830s9999 xx 000 0 und d | ||
| 040 | |a BIBLIOTECA-RUPAP Mon 005.133 A366 | ||
| 041 | |a spa | ||
| 082 | |a Mon 005.133 A366 | ||
| 100 | 1 | |a Alegría Vargas, Engels Uriel | |
| 245 | 1 | 0 | |a Desarrollo de los módulos de programación de áreas, Fondo Social e Información Personal del Sistema de Información de la Empresa Drew Estate Tobacco Company |
| 260 | |a Managua |b UNI-RUACS |c 2018 | ||
| 300 | |a 54 p. :il. | ||
| 500 | |a Contiene: Informe de prácticas profesionales, anexos y CD. | ||
| 502 | |a Tesis (Ingeniero de Sistemas) - UNI, 2018. | ||
| 520 | 3 | |a Presenta el desarrollo de un prototipo de módulos de áreas, fondo social e información personal del sistema de información de la empresa Drew Estate Tobacco Company a través de prácticas profesionales. Se diseña cada uno de los componentes del sistema mediante el lenguaje unificado de modelado UML. | |
| 650 | 7 | |a LENGUAJE DE PROGRAMACION PARA COMPUTADORA | |
| 650 | 7 | |b BASES DE DATOS | |
| 650 | 7 | |c AUTOMATIZACION DE LA INFORMACION | |
| 650 | 7 | |d SISTEMAS DE INFORMACION EMPRESARIAL | |
| 650 | 7 | |e PRACTICAS PROFESIONALES | |
| 700 | 1 | |a Tutor: |b Poveda Ruiz, José Manuel | |
| 942 | |c BK |2 ddc | ||
| 991 | |a TESIS | ||
| 999 | |c 18889 | ||